| 000 | 01030nam a22003137a 4500 | ||
|---|---|---|---|
| 999 |
_c1193 _d1193 |
||
| 001 | 001948 | ||
| 003 | CoMeUDC001948 | ||
| 005 | 20190202152006.0 | ||
| 008 | 100117r2010 ck gr 00010dspa d | ||
| 015 | _ack-2010-xxxx | ||
| 020 | _a9789586486675 | ||
| 040 |
_aCO-BoBLA _bspa _cCoMeUDC |
||
| 041 | 0 | _aspa | |
| 082 | 0 | 4 |
_a658.1553 _bT686 _220 |
| 100 |
_aLópez Toro, Francisco Javier. _91529 |
||
| 245 | 1 | 4 |
_aCostos ABC y presupuestos : _bherramientas para la productividad / _cFrancisco J. Toro López. |
| 260 | 3 |
_aBogotá : _bEcoe Ediciones, _c2010. |
|
| 300 | _axviii, 391 p. ; 24 cm. ; | ||
| 490 | 1 | _aColeccin̤ ciencias administrativas. Contabilidad y finanzas | |
| 500 | _aGlosario : p. 381-391. | ||
| 504 | _aIncluye bibliografía. | ||
| 650 |
_aContabilidad de costos _x Metodologa̕. |
||
| 650 | _aControl de costos. | ||
| 650 | 1 | 4 | _aContabilidad administrativa. |
| 650 |
_aContabilidad de costos _x Enseąnza. |
||
| 650 | _aAnl̀isis de costos. | ||
| 942 |
_2ddc _cBK |
||
| 949 |
_ac _bn |
||